[Event "Maastricht Limburg op-C 5th"]
[Site "Maastricht"]
[Date "2011.06.12"]
[Round "5"]
[White "Buis, Jan"]
[Black "Schoffelen, Jan"]
[Result "1/2-1/2"]
[WhiteElo "1509"]
[BlackElo "1345"]
[PlyCount "61"]
[EventDate "2011.06.10"]
[EventType "swiss"]
[EventRounds "7"]
[EventCountry "NED"]
[SourceTitle "EXT 2012"]
[Source "ChessBase"]
[SourceDate "2011.11.24"]
[SourceVersion "1"]
[SourceVersionDate "2011.11.24"]
[SourceQuality "1"]

1. d4 d5 2. Nf3 Nf6 3. Bf4 Bg4 4. e3 e6 5. Be2 Bxf3 6. Bxf3 c5 7. c3 Nc6 8. Nd2 c4 9. h3 Bd6 10. Bxd6 Qxd6 11. 0-0 0-0 12. Re1 b5 13. e4 dxe4 14. Bxe4 Rac8 15. Bc2 a5 16. Ne4 Nxe4 17. Rxe4 g6 18. Qd2 Kg7 19. Rae1 Ne7 20. Re5 Nd5 21. R5e4 Nc7 22. Rh4 h5 23. Qg5 Qd8 24. Rxh5 Qxg5 25. Rxg5 f5 26. Rg3 Kf6 27. Rge3 Rfe8 28. Re5 Nd5 29. a3 a4 30. Bd1 Rb8 31. Bc2 1/2-1/2

[Event "Maastricht Limburg op-C 5th"]
[Site "Maastricht"]
[Date "2011.06.11"]
[Round "3"]
[White "Buis, Jan"]
[Black "Klokgieters, Jeroen"]
[Result "1/2-1/2"]
[WhiteElo "1509"]
[BlackElo "1150"]
[PlyCount "51"]
[EventDate "2011.06.10"]
[EventType "swiss"]
[EventRounds "7"]
[EventCountry "NED"]
[SourceTitle "EXT 2012"]
[Source "ChessBase"]
[SourceDate "2011.11.24"]
[SourceVersion "1"]
[SourceVersionDate "2011.11.24"]
[SourceQuality "1"]

1. d4 d5 2. Nf3 Bf5 3. Bf4 Nf6 4. h3 h6 5. e3 Nbd7 6. Nbd2 e6 7. c3 c5 8. Be2 Be7 9. a4 0-0 10. 0-0 c4 11. Ne5 Nxe5 12. Bxe5 a6 13. Bxf6 Bxf6 14. Nf3 b5 15. axb5 axb5 16. Qd2 Qb6 17. Ne5 Bxe5 18. dxe5 Rfb8 19. b4 cxb3 20. Qb2 Rxa1 21. Rxa1 Bc2 22. Bd1 b4 23. Bxc2 bxc2 24. cxb4 c1Q+ 25. Rxc1 Qxb4 26. Qxb4 1/2-1/2